आयुर्वेदीय गर्भसंस्कार (रामबाग) (Record no. 250128)

MARC details
000 -LEADER
fixed length control field 00673nam a2200181Ia 4500
008 - FIXED-LENGTH DATA ELEMENTS--GENERAL INFORMATION
fixed length control field 090201s9999 xx 000 0 und d
010 ## - LIBRARY OF CONGRESS CONTROL NUMBER
LC control number KPL-73226
040 ## - CATALOGING SOURCE
Language of cataloging मराठी
041 ## - LANGUAGE CODE
Language code of text/sound track or separate title मराठी
082 ## - DEWEY DECIMAL CLASSIFICATION NUMBER
Classification number 53706
Item number 73226
100 ## - MAIN ENTRY--PERSONAL NAME
Personal name डॉ. बालाजी तांबे
245 ## - TITLE STATEMENT
Title आयुर्वेदीय गर्भसंस्कार (रामबाग)
Statement of responsibility, etc डॉ. बालाजी तांबे
250 ## - EDITION STATEMENT
Edition statement 3
260 ## - PUBLICATION, DISTRIBUTION, ETC. (IMPRINT)
Date of publication, distribution, etc 2007
Name of publisher, distributor, etc सकाळ पेपर्स लि.
300 ## - PHYSICAL DESCRIPTION
Extent 212
Other physical details मोठा
600 ## - SUBJECT ADDED ENTRY--PERSONAL NAME
Personal name आयुर्वेदीय गर्भसंस्कार (रामबाग)
942 ## - ADDED ENTRY ELEMENTS (KOHA)
Koha item type Book
Holdings
Withdrawn status Lost status Damaged status Not for loan Home library Current library Date acquired Cost, normal purchase price Total Checkouts Barcode Date last seen Copy number Cost, replacement price Price effective from Koha item type
        Sarvajanik Wachanalaya, Kalyan Sarvajanik Wachanalaya, Kalyan   490.00   KPL-73226 02/01/2009 1 490.00 02/01/2009 Book